Adivinhe meus 15 jogos na Steam - Statistics

Estatísticas Gerais
  • Esse quiz foi jogado 22 vezes
  • A pontuação média é 5 de 15
Estatísticas das Respostas
Distribuidora Ano Horas Jogos % Correto
Rockstar Games 2018 86,9 Red Dead Redemption 2
75%
Valve 2023 87,9 Counter Strike 2
56%
PlayStation 2020 57,9 Spider-Man Remastered
44%
Eletronic Arts 2014 400 The Sims 4
44%
CD Projekt Red 2007 63,9 The Witcher
44%
Eletronic Arts 2025 63 FC 25
38%
2K 2022 254,9 NBA 2K22
38%
Bethesda Softworks 2011 104,2 The Elder Scrolls V: Skyrim
31%
ConcernedApe 2016 167,3 Stardew Valley
25%
WB Games 2014 64,6 Lego Batman 3
19%
WB Games 2013 71,2 Lego Marvel Super Heroes
19%
Paradox Interactive 2015 151,4 Cities Skylines
13%
SCS Software 2012 99,1 Euro Truck Simulator 2
13%
Second Dinner Studios 2022 355,7 Marvel SNAP
13%
Hi-Rez Studios 2020 118,1 Rogue Company
13%
Nenhum quiz correspondente encontrado
Distribuição das Pontuações
Porcentagem de Pessoas com Cada Pontuação
Percentil de Números Respondidos
Sua Pontuação Histórica
Você não jogou esse quiz